| 000 | 00344pab a2200133 454500 | ||
|---|---|---|---|
| 008 | 180718b xxu||||| |||| 00| 0 eng d | ||
| 100 | _aNayak, Madhab | ||
| 245 | _aWomen entrepreneurs: need for supportive services | ||
| 650 | _a Women | ||
| 650 | _a Entrepreneur | ||
| 650 | _aWomen in Industry - India | ||
| 773 | _aSocial Welfare | ||
| 909 | _a1473 | ||
| 999 |
_c1473 _d1473 |
||